Quiz de opción múltiple– Ámsterdam - Estadísticas

Estadísticas generales
  • Esta prueba ha sido intentada 20 veces
  • La puntuación promedio es 6 de 10
Estadísticas de respuestas
Pregunta Respuesta % Correcto
¿Qué artista tiene un museo dedicado a sus obras en Ámsterdam? Vincent van Gogh
95%
¿Cuál es el club de fútbol más exitoso de Ámsterdam? Ajax
84%
¿Cuál de estas afirmaciones NO se aplica a Ámsterdam? Aproximadamente el 75% de los residentes pertenecen a la Iglesia Reformada Holandesa.
79%
¿Cuál de estas personas vivió en Amsterdam? Ana Frank
74%
¿Cuál fue el producto más rentable vendido por la Compañía Holandesa de las Indias Orientales en el siglo XVII? Especias
53%
¿Cuál de estas cervezas viene de Amsterdam? Heineken
53%
¿En qué río se encuentra Ámsterdam? Amstel
47%
¿Cuál es el apodo de Amsterdam? La Venecia del Norte
42%
Ámsterdam tiene la .... más antigua del mundo. Bolsa de valores
26%
¿Cuál de estas ciudades está más cerca de Ámsterdam? Haarlem
16%
No se encontraron pruebas coincidentes
Distribución de puntuación
Porcentaje de gente con cada puntuación
Porcentaje por número respondido
Historial de tus puntuaciones
No has intentado esta prueba.